000 00205nam a2200073Ia 4500
008 180219s9999 xx 000 0 und d
100 _aKalra Rajindra M
245 0 _aTeaching And Luculating Healthy Life
260 _aShipra Publishing House
999 _c41073
_d41073